Statistics for Rugby League or Rugby Union?

Click here to take the quiz!

General Stats

  • This quiz has been taken 57 times
  • The average score is 12 of 14

Answer Stats

QuestionAnswer% Correct
Unconverted tries are worth 4 pointsRugby League
100%
Line outs only feature in this codeRugby Union
100%
The 2009 film Invictus is based on South Africa winning the 1995 World CupRugby Union
100%
State of Origin pits the New South Wales Blues against the Queensland MaroonsRugby League
96%
The "All Blacks" are the national team of New ZealandRugby Union
96%
Munster, Leinster, Connacht & Ulster represent Ireland at club levelRugby Union
94%
The variant "Sevens" is an olympic sport.Rugby Union
93%
Twickenham Stadium in London is the English national teams home venueRugby Union
93%
Est. 1896, the Challenge Cup is the major cup competition of the northern hemisphere.Rugby League
85%
Toronto Wolfpack are the first fully professional North American franchise of either codeRugby League
83%
Major League Rugby is the premier competition in North AmericaRugby Union
81%
Now defunct club teams includes Paris St Germain of France & Celtic Crusaders of WalesRugby League
78%
The World Cup was first held in 1987Rugby Union
72%
Welshman Billy Boston is considered one of the best players to ever play this codeRugby League
65%

Score Distribution

Percentile by Number Answered

Percent of People with Each Score

Your Score History

You have not taken this quiz